书目信息 |
| 题名: |
汉语新视野
|
|
| 作者: | 张世涛 编著 ;包墨客 , 曹奕 译 | |
| 分册: | ||
| 出版信息: | 北京 北京大学出版社 2004 |
|
| 页数: | 166页 | |
| 开本: | 29cm | |
| 丛书名: | ||
| 单 册: | ||
| 中图分类: | H195.4 | |
| 科图分类: | ||
| 主题词: | 汉语 , 对外汉语教学 , 汉语--对外汉语教学--教材 | |
| 电子资源: | ||
| ISBN: | 7-301-07566-9 | |
| 000 | 00982nam0 2200301 450 | |
| 001 | 070027261840 | |
| 005 | 20051206084243.32 | |
| 010 | @a7-301-07566-9@dCNY36.00 | |
| 092 | @aCN | |
| 100 | @a20041102d2004 ekmy0chiy0120 ea | |
| 101 | 0 | @achi@aeng |
| 102 | @aCN@b110000 | |
| 105 | @aa z 000yy | |
| 200 | 1 | @a汉语新视野@9han yu xin shi ye@e标语标牌阅读I@f张世涛编著@Fzhang shi tao bian zhu@g包墨客,曹奕英译 |
| 210 | @a北京@c北京大学出版社@d2004 | |
| 215 | @a166页@c照片,图@d29cm | |
| 300 | @a北大版新一代对外汉语教材·图文汉语教程系列 | |
| 330 | @a本书结合中国各大城市一百五十多幅汉字招牌、标语、指示牌的图片,说明文字内容并提供英文注解,且编写了相关练习。 | |
| 606 | 0 | @a汉语 |
| 606 | 0 | @a对外汉语教学 |
| 606 | 0 | @a汉语@x对外汉语教学@j教材 |
| 690 | @aH195.4@v4 | |
| 701 | 0 | @a张世涛@Azhang shi tao@4编著 |
| 702 | 0 | @a包墨客@9Bao Mo Ke@4译 |
| 702 | 0 | @a曹奕@9Cao Yi@4译 |
| 801 | 0 | @aCN@bCXYBOOK@c20051206 |
| 905 | @a10447@dH195.4@e168:1 | |
| 999 | @aAFJ | |
| 汉语新视野:标语标牌阅读I/张世涛编著/包墨客,曹奕英译.-北京:北京大学出版社,2004 |
| 166页:照片,图;29cm |
| 北大版新一代对外汉语教材·图文汉语教程系列 |
| ISBN 7-301-07566-9:CNY36.00 |
| 本书结合中国各大城市一百五十多幅汉字招牌、标语、指示牌的图片,说明文字内容并提供英文注解,且编写了相关练习。 |
| ● |
| 相关链接 |
|
|
|
|
正题名:汉语新视野
索取号:H195.4/168:1
 
预约/预借
| 序号 | 登录号 | 条形码 | 馆藏地/架位号 | 状态 | 备注 |
| 1 | 0370296 | 203702966 | 第二样本阅览室/ [索取号:H195.4/168:1] | 在馆 | |
| 2 | 0370297 | 203702975 | 第四借阅区/ [索取号:H195.4/168:1] | 在馆 | |
| 3 | 0370298 | 203702984 | 第四借阅区/ [索取号:H195.4/168:1] | 在馆 |